Investigación de motivaciones / (Record no. 87266)

MARC details
000 -LEADER
campo de control de longitud fija 00498nam a2200169 i 4500
001 - NÚMERO DE CONTROL
campo de control 87266
003 - IDENTIFICADOR DE NÚMERO DE CONTROL
campo de control ES-MaACL
005 - FECHA Y HORA DE LA ÚLTIMA TRANSACCIÓN
campo de control 20230906175632.0
007 - CAMPO FIJO DE DESCRIPCIÓN FÍSICA--INFORMACIÓN GENERAL
campo de control de longitud fija t|
008 - DATOS DE LONGITUD FIJA--INFORMACIÓN GENERAL
campo de control de longitud fija 041220s1971 sp ||||1| spa d
100 1# - ENTRADA PRINCIPAL--NOMBRE DE PERSONA
Nombre de persona Kropff, Hanns F. J.
9 (RLIN) 68894
245 10 - MENCIÓN DEL TÍTULO
Título Investigación de motivaciones /
Mención de responsabilidad, etc. H.F.J. Kropff ; [versión por Isidro Lliró].
260 ## - PUBLICACIÓN, DISTRIBUCIÓN, ETC.
Lugar de publicación, distribución, etc. Madrid :
Nombre del editor, distribuidor, etc. Rialp,
Fecha de publicación, distribución, etc. [1971]
300 ## - DESCRIPCIÓN FÍSICA
Extensión 491 p. ;
Dimensiones 23 cm.
700 0# - ENTRADA AGREGADA--NOMBRE PERSONAL
Nombre de persona Lliró Jubert, Isidro.
9 (RLIN) 72790
852 ## - LOCALIZACIÓN
Ubicación ES-MaACL
Número de control de estantería C-44166
Sublocalización o colección R.79114
Holdings
Estatus retirado Estado de pérdida Estado de daño No para préstamo Biblioteca de origen Biblioteca actual Ubicación en estantería Fecha de adquisición Fuente de adquisición Total de préstamos Signatura topográfica completa Código de barras Visto por última vez Precio de reemplazo Tipo de ítem Koha
        Biblioteca del Ateneo de Madrid Biblioteca del Ateneo de Madrid Depósito 2 17/01/2008     C-44166 1091172 23/02/2023 23/02/2023 Libro impreso